| 000 | 00522nam a2200217Ia 4500 | ||
|---|---|---|---|
| 008 | 160803s9999 xx 000 0 und d | ||
| 020 | _a0 516222147 | ||
| 100 | _aMarx, David F. | ||
| 245 | _aPassover / | ||
| 245 | _cby David F. Marx. | ||
| 260 | _aNew York : | ||
| 260 | _bScholastic Inc. | ||
| 260 | _c2001 | ||
| 300 | _a31 pages ; | ||
| 300 | _c18 cm. | ||
| 440 | _aRookie read-about holidays. | ||
| 500 | _aIncludes index. | ||
| 650 | _aPassover -- | ||
| 650 | _xJuvenile literature. | ||
| 700 | _a440 | ||
| 999 |
_c299230 _d299230 |
||